MARC details
| 000 -LÍDER |
| campo de controle de tamanho fixo |
01802nam a22003497a 4500 |
| 001 - NÚMERO DE CONTROLE |
| campo de controle |
310 |
| 003 - IDENTIFICADOR DO NÚMERO DE CONTROLE |
| campo de controle |
OSt |
| 005 - DATA E HORÁRIO DA ÚLTIMA TRANSAÇÃO |
| campo de controle |
20250528074017.0 |
| 008 - CAMPO DE DADOS FIXOS--INFORMAÇÃO GERAL |
| campo de controle de tamanho fixo |
250325b |||||||e |||| 00| f eng d |
| 040 ## - FONTE DA CATALOGAÇÃO |
| Idioma da catalogação |
por |
| 041 ## - CÓDIGO DE IDIOMA |
| Código do idioma do original e/ou traduções intermediárias do texto |
eng |
| Código do idioma do texto/trilha sonora ou título diferente |
por |
| 082 ## - CDD - CLASSIFICAÇÃO DECIMAL DE DEWEY |
| Número de Classificação |
028.5 |
| Número do exemplar |
S977v |
| 100 1# - ENTRADA PRINCIPAL--NOME PESSOAL |
| Nome pessoal |
Swift, Jonathan, |
| Datas associadas ao nome |
1667-1745 |
| 9 (RLIN) |
577 |
| 240 ## - TÍTULO UNIFORME |
| Título uniforme |
Gulliver’s Travels |
| 245 ## - TÍTULO |
| Título |
Viagens de Gulliver / |
| Indicação de responsabilidade, etc. |
Swift, Jonathan ; Tradução, adaptação, apresentação e notas de Paulo Sergio de Vasconcellos |
| 260 ## - PUBLICAÇÃO, DISTRIBUIÇÃO, ETC. |
| Local de publicação, distribuição, etc. |
São Paulo |
| Nome do editor, distribuidor, etc. |
Sol |
| Data da publicação, distribuição, etc. |
2000 |
| 300 ## - DESCRIÇÃO FÍSICA |
| Extensão |
136 p. |
| 490 1# - TÍTULO DA SÉRIE |
| Título da série |
Objetivo |
| 520 ## - NOTA DE RESUMO, ETC. |
| Resumo, etc. |
É difícil encontrar quem não tenha ao menos ouvido falar de Gulliver, que visitou o país onde os homens eram pequeníssimos. Afinal, o livro de Jonathan Swift é um daqueles poucos clássicos que criam personagens quase míticas, revividas de geração a geração. Assim, mesmo quem não leu Viagens de Gulliver, de algum modo teve sua imaginação tocada pela obra. Mas para seus bons leitores, o livro reserva muito mais que aventura de um viajante por um país de seres e objetos de tamanho reduzido, e muito mais que um puro relato de aventuras, pois nele são impiedosamente satirizadas as mesquinharias da política, as pretensões da vaidade e do orgulho, a sede de poder e outros vícios e crimes de que é capaz o homúnculo-Yahoo de todas as épocas e de todos os países. |
| 650 #0 - ASSUNTO--TERMO TÓPICO |
| Cabeçalho tópico ou nome geográfico |
Literatura Inglesa |
| 9 (RLIN) |
89 |
| 650 #0 - ASSUNTO--TERMO TÓPICO |
| Cabeçalho tópico ou nome geográfico |
Adaptação |
| 9 (RLIN) |
788 |
| 650 #0 - ASSUNTO--TERMO TÓPICO |
| Cabeçalho tópico ou nome geográfico |
Infantojuvenil |
| 9 (RLIN) |
200 |
| 650 #0 - ASSUNTO--TERMO TÓPICO |
| Cabeçalho tópico ou nome geográfico |
Clássicos |
| 9 (RLIN) |
77 |
| 650 #0 - ASSUNTO--TERMO TÓPICO |
| Cabeçalho tópico ou nome geográfico |
Crítica social |
| 9 (RLIN) |
514 |
| 650 #0 - ASSUNTO--TERMO TÓPICO |
| Cabeçalho tópico ou nome geográfico |
Politica |
| 9 (RLIN) |
138 |
| 650 #0 - ASSUNTO--TERMO TÓPICO |
| Cabeçalho tópico ou nome geográfico |
Viagens |
| 9 (RLIN) |
189 |
| 655 #0 - TERMO DE ÍNDICE--GÊNERO E FORMA |
| Gênero/forma/ou termo foco |
Romance |
| 655 #0 - TERMO DE ÍNDICE--GÊNERO E FORMA |
| Gênero/forma/ou termo foco |
Ficção |
| 700 ## - ENTRADA ADICIONADA - NOME PESSOAL |
| Nome pessoal |
Paulo Sérgio de Vasconcellos |
| Função do autor por extenso |
Tradução |
| -- |
Adaptação |
| -- |
Apresentação |
| -- |
Notas |
| 9 (RLIN) |
614 |
| 830 ## - ENTRADA SECUNDÁRIA DE SÉRIE--TÍTULO UNIFORME |
| Título uniforme |
Objetivo |
| 9 (RLIN) |
615 |
| 942 ## - ELEMENTOS DE ENTRADA ADICIONADOS (KOHA) |
| Fonte de classificação ou esquema de arquivamento |
Classificação decimal de Dewey |
| Ocultar no OPAC |
Não |
| Tipo de material Koha |
Livros |